[Event "23rd Dubai Open 2023"]
[Site "Dubai UAE"]
[Date "2023.05.31"]
[Round "5.35"]
[White "Averin, Nikolay"]
[Black "Al Qudaimi, Basheer"]
[Result "1-0"]
[WhiteTitle "FM"]
[BlackTitle "IM"]
[WhiteElo "2259"]
[BlackElo "2401"]
[WhiteFideId "24250473"]
[BlackFideId "9400346"]
[EventDate "2023.05.27"]

1. e4 e5 2. Nf3 Nc6 3. Bb5 a6 4. Ba4 g6 5. O-O Bg7 6. c3 d6 7. Re1 Ne7 8. h3 O-O
9. d4 Bd7 10. Bc2 h6 11. a4 f5 12. dxe5 Nxe5 13. exf5 gxf5 14. Nbd2 N7g6 15. Nh2
Kh8 16. Ndf3 Kh7 17. Be3 Qe7 18. Bd4 c5 19. Nxe5 dxe5 20. Be3 Bc6 21. f3 c4 22.
Qe2 Qe6 23. a5 Rg8 24. Rad1 Kh8 25. Kh1 Rae8 26. Rd2 Bf8 27. Red1 Nh4 28. Qe1
Qf6 29. Qf1 Qf7 30. Qe1 Qh5 31. Qf1 Re7 32. Bc5 Reg7 33. Bxf8 Rxf8 34. Rd8 Rfg8
35. Rxg8+ Rxg8 36. Rd2 Qg5 37. Re2 Qf4 38. Qe1 h5 39. Qd2 Qxd2 40. Rxd2 e4 41.
fxe4 fxe4 42. Nf1 Rg5 43. Ne3 Rxa5 44. Nxc4 Rg5 45. Ne3 Rg3 46. Re2 Rg5 47. Kg1
Ng6 48. Kf2 Ne5 49. Rd2 Nf7 50. Rd4 Re5 51. Kg3 Re6 52. Kh4 Re5 53. Kg3 Re6 54.
Bb3 Rg6+ 55. Kh4 Ne5 56. Bc2 Rf6 57. Kxh5 Rf2 58. Bxe4 Be8+ 59. Kh4 Kg7 60. Bxb7
Re2 61. Re4 Ng6+ 62. Kg5 Kf8 63. Bxa6 Rxb2 64. Bc4 Ne7 65. g4 Nc8 66. Rf4+ Ke7
67. h4 Nd6 68. Nf5+ Nxf5 69. Rxf5 Bd7 70. Re5+ Kf8 71. Be6 Be8 72. c4 Rc2 73. c5
Kg7 74. h5 Rh2 75. Bf5 Bb5 76. Re7+ Kf8 77. Kf6 Be8 78. Rc7 Ra2 79. Rh7 Kg8 80.
Be6+ 1-0

[Event "23rd Dubai Open 2023"]
[Site "Dubai UAE"]
[Date "2023.05.31"]
[Round "5.36"]
[White "Uskov, Artem"]
[Black "Mandura, Tijana"]
[Result "1-0"]
[WhiteTitle "IM"]
[BlackTitle "WIM"]
[WhiteElo "2367"]
[BlackElo "2203"]
[WhiteFideId "34254854"]
[BlackFideId "16500270"]
[EventDate "2023.05.27"]

1. Nf3 d5 2. e3 Nf6 3. c4 e6 4. b3 Bd6 5. Bb2 O-O 6. d4 b6 7. Nc3 Bb7 8. Rc1 a6
9. cxd5 exd5 10. g3 c5 11. Bg2 c4 12. Nd2 Qe7 13. O-O b5 14. e4 Nxe4 15. Ncxe4
dxe4 16. bxc4 e3 17. fxe3 Qxe3+ 18. Rf2 Bxg2 19. Kxg2 bxc4 20. Nxc4 Qe4+ 21. Rf3
Be7 22. d5 Nd7 23. Ne3 Rab8 24. Ba1 Bf6 25. Rc4 Qb1 26. Qxb1 Rxb1 27. Bxf6 Nxf6
28. Ra4 Rb2+ 29. Kh3 Ra8 30. Nc4 Rc2 31. d6 Nd7 32. Re3 Kf8 33. Na5 Re8 34.
Rxe8+ Kxe8 35. Re4+ Kf8 36. Re7 Nf6 37. Rc7 Rd2 38. Rc8+ Ne8 39. Nc4 Rd4 40. Rd8
Rxc4 41. d7 Re4 42. Ra8 g5 43. d8=Q 1-0

[Event "23rd Dubai Open 2023"]
[Site "Dubai UAE"]
[Date "2023.05.31"]
[Round "5.37"]
[White "Farahat, Ali"]
[Black "Liyanage, Ranindu Dilshan"]
[Result "1/2-1/2"]
[WhiteTitle "IM"]
[BlackTitle "FM"]
[WhiteElo "2361"]
[BlackElo "2342"]
[WhiteFideId "10600507"]
[BlackFideId "9915834"]
[EventDate "2023.05.27"]

1. d4 d5 2. Nf3 Nf6 3. e3 e6 4. Bd3 c5 5. b3 Nc6 6. O-O Bd6 7. dxc5 Bxc5 8. Bb2
O-O 9. a3 a5 10. Nbd2 Re8 11. c4 h6 12. Qc2 d4 13. exd4 Nxd4 14. Nxd4 Bxd4 15.
Bxd4 Qxd4 16. Ne4 Bd7 17. Nxf6+ Qxf6 18. Be4 Bc6 19. Bxc6 bxc6 20. Qe4 c5 21.
Qc6 Rec8 22. Qb5 Qc3 23. Rfc1 Qd2 24. Rd1 Qc3 25. Rdc1 Qd2 26. Rd1 Qc3 27. Rdc1
Qd2 28. Rd1 1/2-1/2

[Event "23rd Dubai Open 2023"]
[Site "Dubai UAE"]
[Date "2023.05.31"]
[Round "5.38"]
[White "Saeed, Ishaq"]
[Black "Mkrtchyan, Mariam"]
[Result "1-0"]
[WhiteTitle "IM"]
[BlackTitle "WIM"]
[WhiteElo "2303"]
[BlackElo "2360"]
[WhiteFideId "9301453"]
[BlackFideId "13310828"]
[EventDate "2023.05.27"]

1. d4 Nf6 2. c4 e6 3. a3 d5 4. Nc3 Be7 5. Nf3 O-O 6. Qc2 c5 7. dxc5 Bxc5 8. b4
Be7 9. Bb2 a5 10. b5 Nbd7 11. cxd5 exd5 12. Na4 Nb6 13. e3 Nxa4 14. Qxa4 Bf5 15.
Be2 Rc8 16. Nd4 Be4 17. O-O Nd7 18. Bg4 Rc4 19. Qd1 Nb6 20. Rc1 a4 21. Be2 Rxc1
22. Qxc1 Bd6 23. Nf3 Qe7 24. Qc3 f6 25. Rc1 Rc8 26. Qd4 Bxa3 27. Rxc8+ Nxc8 28.
Bxa3 Qxa3 29. Nd2 Qc1+ 30. Bf1 a3 31. Nxe4 dxe4 32. g3 h6 33. Kg2 f5 34. Bc4+
Kh7 35. Qc5 Qb2 36. Qxf5+ g6 37. Qxc8 1-0

[Event "23rd Dubai Open 2023"]
[Site "Dubai UAE"]
[Date "2023.05.31"]
[Round "5.39"]
[White "Gajcin, Marina"]
[Black "Al Hosani, Omran"]
[Result "1-0"]
[WhiteTitle "WIM"]
[BlackTitle "IM"]
[WhiteElo "2256"]
[BlackElo "2270"]
[WhiteFideId "949086"]
[BlackFideId "9308733"]
[EventDate "2023.05.27"]

1. e4 c6 2. Nf3 d5 3. Nc3 Bg4 4. h3 Bxf3 5. Qxf3 e6 6. Be2 d4 7. Nb1 Nf6 8. d3
Qc7 9. g3 c5 10. Qg2 Nc6 11. O-O Be7 12. a4 a6 13. Bd2 O-O 14. a5 c4 15. dxc4
Bb4 16. Bxb4 Nxb4 17. Ra4 Nc6 18. b4 b6 19. axb6 Qxb6 20. b5 Ne5 21. Rxa6 Rxa6
22. bxa6 Qxa6 23. f4 Nc6 24. e5 Nd7 25. Nd2 Nc5 26. Ne4 Qb6 27. Kh1 Nxe4 28.
Qxe4 g6 29. g4 Qc5 30. Bd3 Na5 31. f5 Nxc4 32. Bxc4 Qxc4 33. Rd1 Qc3 34. Kg2
gxf5 35. gxf5 Kh8 36. Kh2 Rg8 37. Qd3 Qc6 38. Rg1 Rxg1 39. Kxg1 exf5 40. Qxd4
Kg8 41. c4 Kf8 42. Qd6+ Qxd6 43. exd6 Ke8 44. Kf2 Kd7 45. c5 Ke6 46. Kf3 h5 47.
h4 Kd7 48. Kf4 Ke6 49. Kg5 f6+ 50. Kf4 Kd5 1-0

[Event "23rd Dubai Open 2023"]
[Site "Dubai UAE"]
[Date "2023.05.31"]
[Round "5.40"]
[White "Eric, Jovana"]
[Black "Alothman, Ali Layth Ahmed"]
[Result "0-1"]
[WhiteTitle "WGM"]
[BlackTitle "FM"]
[WhiteElo "2217"]
[BlackElo "2224"]
[WhiteFideId "938238"]
[BlackFideId "4801920"]
[EventDate "2023.05.27"]

1. e4 c6 2. d4 d5 3. e5 Bf5 4. Nf3 e6 5. Be2 Nd7 6. O-O Ne7 7. c3 Nc8 8. Be3 Be7
9. Nbd2 Qc7 10. Ne1 Bg6 11. c4 dxc4 12. Nxc4 Ncb6 13. Rc1 Nxc4 14. Bxc4 Nb6 15.
Bb3 O-O 16. Nd3 a5 17. a3 a4 18. Ba2 Rfd8 19. Nf4 Bf5 20. Qf3 Qd7 21. Qg3 Nd5
22. Nh5 Bg6 23. Qg4 Rdc8 24. Ng3 Qd8 25. Ne4 Bf5 26. Qf3 Ra5 27. Bc4 Nb6 28. Be2
Qd5 29. Nc3 Qxf3 30. gxf3 Rd8 31. Ne4 Nd5 32. Rfd1 h6 33. Bd2 Raa8 34. Be3 Kh7
35. Rc4 Nb6 36. Rcc1 Nd7 37. Rd2 f6 38. exf6 gxf6 39. Bd3 Nb6 40. Kf1 Nd5 41.
Ke2 Rg8 42. h4 Rg2 43. Nc5 Bxd3+ 44. Kxd3 Bxc5 45. dxc5 Rd8 46. Ke2 Rh2 47. Rc4
Nxe3 48. Kxe3 Rxd2 49. Kxd2 Rxf2+ 50. Ke3 Rxb2 51. Rxa4 Kg6 52. Kf4 Rb5 53. Rc4
Rb3 54. a4 e5+ 55. Kg3 h5 56. Re4 Kf5 57. Re2 Rc3 58. Rb2 e4 59. Rxb7 Rxf3+ 60.
Kg2 Ra3 61. Rb6 Kg4 62. Rxc6 Ra2+ 63. Kf1 f5 64. Rf6 Rxa4 65. c6 Rc4 66. Ke2 Kf4
67. Rg6 Rc5 68. Kd2 Kf3 69. Rd6 e3+ 70. Kd3 f4 71. Re6 Rc1 0-1

[Event "23rd Dubai Open 2023"]
[Site "Dubai UAE"]
[Date "2023.06.01"]
[Round "6.1"]
[White "Tabatabaei, M. Amin"]
[Black "Aravindh, Chithambaram VR."]
[Result "1/2-1/2"]
[WhiteTitle "GM"]
[BlackTitle "GM"]
[WhiteElo "2677"]
[BlackElo "2633"]
[WhiteFideId "12521213"]
[BlackFideId "5072786"]
[EventDate "2023.05.27"]

1. c4 e6 2. Nc3 d5 3. d4 Nf6 4. cxd5 exd5 5. Bg5 Be7 6. e3 h6 7. Bh4 O-O 8. Bd3
Re8 9. Bg3 c5 10. Nf3 Bg4 11. O-O cxd4 12. Nb5 dxe3 13. Nc7 Nh5 14. Nxe8 Nxg3
15. hxg3 exf2+ 16. Kh1 Qxe8 17. Rxf2 Nd7 18. Qa4 Be6 19. Qf4 g5 20. Qd2 Qb8 21.
Re2 Qxg3 22. Bf5 Nf8 23. Bxe6 Nxe6 24. Qxd5 g4 25. Qxb7 Re8 26. Rg1 Kf8 27. Rxe6
fxe6 28. Rf1 Kg7 29. Nh2 Qh4 30. g3 Qg5 31. Qe4 Qd5 32. Qxd5 exd5 33. Nxg4 Bg5
34. Rd1 Re4 35. Nh2 d4 36. Nf3 Bf6 37. Kg1 Kf7 38. Kf2 Ke6 39. Nd2 Re5 40. Nf3
Rb5 41. Nxd4+ Bxd4+ 42. Rxd4 Rxb2+ 43. Kf3 Rxa2 44. Rh4 Ra3+ 45. Kf2 Ra2+ 46.
Kf3 Ke5 1/2-1/2

[Event "23rd Dubai Open 2023"]
[Site "Dubai UAE"]
[Date "2023.06.01"]
[Round "6.2"]
[White "Yu, Yangyi"]
[Black "Sindarov, Javokhir"]
[Result "1/2-1/2"]
[WhiteTitle "GM"]
[BlackTitle "GM"]
[WhiteElo "2729"]
[BlackElo "2661"]
[WhiteFideId "8603820"]
[BlackFideId "14205483"]
[EventDate "2023.05.27"]

1. c4 g6 2. Nc3 Bg7 3. d4 Nf6 4. e4 d6 5. h3 O-O 6. Be3 c5 7. Nf3 Qa5 8. Bd3
cxd4 9. Nxd4 Nc6 10. O-O Nd7 11. Be2 Nc5 12. Nb3 Nxb3 13. axb3 Qd8 14. Qd2 b6
15. Rfd1 Bb7 16. Bf1 f5 17. exf5 gxf5 18. Nd5 Kh8 19. b4 Qd7 20. Ra3 Ne5 21. f4
Ng6 22. Rda1 e6 23. Nc3 e5 24. Rxa7 Nxf4 25. c5 bxc5 26. bxc5 Bh6 27. Bb5 Qg7
28. c6 Nxh3+ 29. Kh1 Bxe3 30. Qxe3 Nf4 31. Qg1 Rxa7 32. Rxa7 Rf6 33. Qf2 Rh6+
34. Kg1 Rg6 35. Kf1 Rxg2 36. Qh4 Rg1+ 37. Kf2 Qg2+ 38. Ke3 Qxb2 39. Qf6+ Rg7 40.
Qf8+ Rg8 41. Qf6+ Rg7 42. Qf8+ 1/2-1/2

[Event "23rd Dubai Open 2023"]
[Site "Dubai UAE"]
[Date "2023.06.01"]
[Round "6.3"]
[White "Niemann, Hans Moke"]
[Black "Kovalev, Vladislav"]
[Result "1/2-1/2"]
[WhiteTitle "GM"]
[BlackTitle "GM"]
[WhiteElo "2708"]
[BlackElo "2612"]
[WhiteFideId "2093596"]
[BlackFideId "13504398"]
[EventDate "2023.05.27"]

1. e4 e5 2. Nf3 Nc6 3. Bb5 a6 4. Ba4 Nf6 5. O-O Be7 6. Re1 b5 7. Bb3 d6 8. c3
O-O 9. h3 Be6 10. Bxe6 fxe6 11. d4 Qe8 12. a4 Rb8 13. axb5 axb5 14. Ng5 Qd7 15.
Ra6 Ra8 16. Rxa8 Rxa8 17. Qb3 d5 18. Qxb5 Nxe4 19. Nxe4 dxe4 20. dxe5 Qd5 21.
Qxd5 exd5 22. Bf4 g5 23. Bg3 Ra2 24. b4 Kf7 25. e6+ Kxe6 26. Bxc7 Ne5 27. Bxe5
Kxe5 28. Kf1 Rc2 29. Re2 Rc1+ 30. Re1 Rc2 1/2-1/2

[Event "23rd Dubai Open 2023"]
[Site "Dubai UAE"]
[Date "2023.06.01"]
[Round "6.5"]
[White "Salem, A.R. Saleh"]
[Black "Murzin, Volodar"]
[Result "1/2-1/2"]
[WhiteTitle "GM"]
[BlackTitle "GM"]
[WhiteElo "2677"]
[BlackElo "2604"]
[WhiteFideId "9301348"]
[BlackFideId "44155573"]
[EventDate "2023.05.27"]

1. d4 d5 2. c4 c6 3. Nf3 Nf6 4. Nc3 e6 5. Bg5 Nbd7 6. e3 Qa5 7. cxd5 Nxd5 8. Rc1
Nxc3 9. bxc3 Ba3 10. Rc2 b6 11. Be2 Ba6 12. O-O Bxe2 13. Qxe2 O-O 14. e4 e5 15.
Rd1 Rfe8 16. h3 Bf8 17. Bh4 g6 18. Nh2 exd4 19. Rxd4 Be7 20. Rxd7 Bxh4 21. g3
Rad8 22. Rcd2 Rxd7 23. Rxd7 Be7 24. Qd3 Qb5 25. c4 Qe5 26. Kg2 Qe6 27. Rxa7 Bf8
28. e5 Qxe5 29. Ng4 Qe6 30. Qf3 f5 31. Ne3 Bc5 32. Rc7 Rc8 1/2-1/2

[Event "23rd Dubai Open 2023"]
[Site "Dubai UAE"]
[Date "2023.06.01"]
[Round "6.6"]
[White "Matlakov, Maxim"]
[Black "Aditya, Mittal"]
[Result "1-0"]
[WhiteTitle "GM"]
[BlackTitle "GM"]
[WhiteElo "2662"]
[BlackElo "2522"]
[WhiteFideId "4168003"]
[BlackFideId "35042025"]
[EventDate "2023.05.27"]

1. d4 Nf6 2. c4 e6 3. g3 d5 4. Bg2 Nc6 5. Nf3 dxc4 6. Qa4 Bb4+ 7. Bd2 Nd5 8.
Bxb4 Nxb4 9. Nc3 Bd7 10. O-O a5 11. Qd1 O-O 12. e3 a4 13. Qe2 Na5 1-0

[Event "23rd Dubai Open 2023"]
[Site "Dubai UAE"]
[Date "2023.06.01"]
[Round "6.7"]
[White "Harsha, Bharathakoti"]
[Black "Sargsyan, Shant"]
[Result "0-1"]
[WhiteTitle "GM"]
[BlackTitle "GM"]
[WhiteElo "2602"]
[BlackElo "2630"]
[WhiteFideId "5078776"]
[BlackFideId "13306766"]
[EventDate "2023.05.27"]

1. d4 d5 2. c4 e6 3. Nf3 Nf6 4. Nc3 Be7 5. Bg5 h6 6. Bh4 O-O 7. e3 b6 8. Rc1 Bb7
9. Bxf6 Bxf6 10. cxd5 exd5 11. g3 c5 12. Bg2 Nc6 13. dxc5 bxc5 14. O-O Nb4 15.
a3 Na6 16. Qa4 c4 17. Rcd1 Bxc3 18. bxc3 Nc5 19. Qc2 Qf6 20. Nd4 Rfd8 21. Rb1
Rac8 22. Rfd1 g6 23. h4 h5 24. Rb4 Ba8 25. Bh3 Rb8 26. Rdb1 Rb6 27. Bf1 Kg7 28.
Be2 Bb7 29. Bf1 Bc8 30. Rxb6 axb6 31. Qb2 Na4 32. Qb4 Bd7 33. Bg2 Be8 34. Bf3
Qd6 35. Qxd6 Rxd6 36. Ne2 Bd7 37. Rb4 b5 38. Rb1 Rf6 39. Bxd5 Bg4 40. f3 Bxf3
41. Bxf3 Rxf3 42. Nd4 Rxg3+ 43. Kf2 Nxc3 44. Rc1 Ne4+ 45. Ke2 Rh3 46. Nxb5 Rh2+
47. Kf3 f5 0-1

[Event "23rd Dubai Open 2023"]
[Site "Dubai UAE"]
[Date "2023.06.01"]
[Round "6.8"]
[White "Chigaev, Maksim"]
[Black "Xue, Haowen"]
[Result "1/2-1/2"]
[WhiteTitle "GM"]
[WhiteElo "2628"]
[BlackElo "2335"]
[WhiteFideId "4108116"]
[BlackFideId "8625492"]
[EventDate "2023.05.27"]

1. c4 e6 2. g3 d5 3. Bg2 Nf6 4. Nf3 Nc6 5. d4 Bd6 6. O-O O-O 7. Nbd2 b6 8. b3 a5
9. a3 Bb7 10. Bb2 Ne7 11. Qc2 Ng6 12. Ne5 Qe7 13. Nxg6 hxg6 14. e4 dxe4 15. Nxe4
Bxe4 16. Bxe4 Nxe4 17. Qxe4 Rad8 18. Rfe1 Rfe8 19. h4 Qf6 20. Re2 Qf5 21. Rae1
Qxe4 22. Rxe4 c6 23. g4 Rd7 24. Kg2 Rb8 25. a4 Be7 26. g5 Rbd8 27. R1e3 Bf8 28.
Kf3 c5 29. Rd3 Rd6 30. Ke2 f6 31. Rd2 Kf7 32. f4 R6d7 33. Kd3 f5 34. Re1 cxd4
35. Rh1 Bd6 36. Rf2 Rh8 37. Bc1 Rdd8 38. Bd2 Rh5 39. Rff1 Rdh8 40. Be1 Bc5 41.
Bf2 Rd8 42. Re1 Bd6 43. Bg3 Rhh8 44. Re2 Rhe8 45. h5 gxh5 46. Rxh5 Bc7 47. Rh1
Bd6 48. Ree1 Bb4 49. Re2 Kg6 50. Be1 Bd6 51. Bg3 Kf7 52. Ree1 Bc5 53. Bh4 Kg6
54. Bg3 Kf7 55. Bh4 Rc8 56. Rhg1 Kg6 57. Rh1 Bb4 58. Re2 Bd6 59. Rhe1 Bc5 60.
Bg3 Kf7 61. Bf2 Rcd8 62. Bh4 Rc8 63. Bg3 Rc6 64. Rh1 Kg6 65. Bf2 Bd6 66. Bg3 Bc5 1/2-1/2

[Event "23rd Dubai Open 2023"]
[Site "Dubai UAE"]
[Date "2023.06.01"]
[Round "6.9"]
[White "Adhiban, Baskaran"]
[Black "Karthikeyan, Murali"]
[Result "1/2-1/2"]
[WhiteTitle "GM"]
[BlackTitle "GM"]
[WhiteElo "2589"]
[BlackElo "2627"]
[WhiteFideId "5018471"]
[BlackFideId "5074452"]
[EventDate "2023.05.27"]

1. d4 Nf6 2. c4 e6 3. Nc3 Bb4 4. e3 c5 5. Ne2 d5 6. a3 Bxc3+ 7. Nxc3 cxd4 8.
exd4 dxc4 9. Bxc4 O-O 10. O-O Nc6 11. Be3 b6 12. Qf3 Bb7 13. Qh3 Ne7 14. Rad1
Ng6 15. Rfe1 Nd5 16. Bd3 Qh4 17. Qxh4 Nxh4 18. Nxd5 Bxd5 19. Bf1 Nf5 20. Bd3 Nh4
21. Bf1 Nf5 22. Bd3 Nh4 23. Bf1 Nf5 24. Bd3 1/2-1/2

[Event "23rd Dubai Open 2023"]
[Site "Dubai UAE"]
[Date "2023.06.01"]
[Round "6.10"]
[White "Indjic, Aleksandar"]
[Black "Bernadskiy, Vitaliy"]
[Result "1/2-1/2"]
[WhiteTitle "GM"]
[BlackTitle "GM"]
[WhiteElo "2618"]
[BlackElo "2592"]
[WhiteFideId "911925"]
[BlackFideId "14100371"]
[EventDate "2023.05.27"]

1. d4 Nf6 2. c4 e6 3. Nc3 Bb4 4. f3 d5 5. a3 Be7 6. e4 c5 7. e5 Nfd7 8. f4 cxd4
9. Qxd4 Nc6 10. Qd1 Nb6 11. cxd5 Nxd5 12. Nxd5 Qxd5 13. Qxd5 exd5 14. Bd3 f6 15.
exf6 Bxf6 16. Nf3 O-O 17. Kf2 Bg4 18. Rb1 Nd4 19. Nxd4 Bxd4+ 20. Kg3 Bh5 21. Bd2
Rae8 22. Rhe1 Rxe1 23. Bxe1 Be3 24. f5 d4 25. Bb4 Rc8 26. Bd6 Rc1 27. Be5 Rxb1
28. Bxb1 Be2 29. Bf4 Bg1 30. Be4 b6 31. Bd5+ Kf8 32. Bd6+ Ke8 33. Be5 Kf8 34. h4
d3 35. Bc4 Be3 36. Bc3 a5 37. a4 h5 38. b4 axb4 39. Bxb4+ Ke8 40. Bc3 Kf8 41.
Bb4+ Ke8 42. Bc3 Kf8 1/2-1/2

[Event "23rd Dubai Open 2023"]
[Site "Dubai UAE"]
[Date "2023.06.01"]
[Round "6.11"]
[White "Iturrizaga Bonelli, Eduardo"]
[Black "Sankalp, Gupta"]
[Result "1-0"]
[WhiteTitle "GM"]
[BlackTitle "GM"]
[WhiteElo "2637"]
[BlackElo "2504"]
[WhiteFideId "3901211"]
[BlackFideId "5097010"]
[EventDate "2023.05.27"]

1. d4 d5 2. c4 dxc4 3. Nf3 Nf6 4. e3 e6 5. Bxc4 a6 6. O-O c5 7. b3 b5 8. Be2 Bb7
9. Bb2 Nbd7 10. Nbd2 Be7 11. a4 bxa4 12. Rxa4 O-O 13. Qa1 Nb6 14. Ra5 cxd4 15.
Bxd4 Nbd5 16. Nc4 Bb4 17. Ra2 a5 18. Rc1 Re8 19. Nfe5 Ne4 20. Nd3 f6 21. f3 Ng5
22. e4 e5 23. Bf2 Nf4 24. Nxf4 exf4 25. Bb6 Qb8 26. Bxa5 Bxa5 27. Rxa5 f5 28.
Nb6 Rxa5 29. Qxa5 Qd8 30. Rd1 Qf6 31. e5 Qg6 32. Kh1 h6 33. Nc4 Kh7 34. Nd6 Ra8
35. Qd2 Bc6 36. Rc1 Bd7 37. Qxf4 Ra2 38. Bf1 Be6 39. b4 Nf7 40. Nxf7 Qxf7 41.
Qd4 Qb7 42. b5 Bd5 43. Qf4 Be6 44. Qd4 Bd5 45. b6 Bxf3 46. gxf3 Qxf3+ 47. Kg1
Qh5 48. Qf4 Qg6+ 49. Kh1 Qe6 50. Qc4 Qxc4 51. Bxc4 Rb2 52. e6 1-0

[Event "23rd Dubai Open 2023"]
[Site "Dubai UAE"]
[Date "2023.06.01"]
[Round "6.13"]
[White "Vakhidov, Jakhongir"]
[Black "Mishra, Abhimanyu"]
[Result "1/2-1/2"]
[WhiteTitle "GM"]
[BlackTitle "GM"]
[WhiteElo "2607"]
[BlackElo "2550"]
[WhiteFideId "14201801"]
[BlackFideId "30920019"]
[EventDate "2023.05.27"]

1. d4 d5 2. c4 c6 3. Nf3 Nf6 4. e3 e6 5. Nbd2 Be7 6. b3 O-O 7. Bb2 Nbd7 8. Bd3
dxc4 9. Nxc4 c5 10. O-O b6 11. Qe2 Bb7 12. Rfd1 Rc8 13. dxc5 Bxc5 14. a3 a5 15.
Nd4 Qc7 16. e4 Bxd4 17. Bxd4 e5 18. Bb2 Rfe8 19. Rac1 Nc5 20. Nxe5 Rxe5 21. b4
axb4 22. axb4 Rg5 23. bxc5 Rxc5 24. Rb1 Qf4 25. g3 Qc7 26. Bd4 Rc6 27. Qb2 b5
28. f3 b4 29. Ra1 Rd8 30. Ra4 h6 31. Rxb4 Ba6 32. Bxa6 Rxa6 33. Rc1 Rc6 34. Rxc6
Qxc6 35. Kg2 Rc8 36. Rb6 Qa4 37. Rb8 Rxb8 38. Qxb8+ Kh7 39. Qe5 Qa6 40. g4 Kg8
41. Qb8+ Kh7 42. Qf4 Kg8 43. Qd2 Qe6 44. h3 h5 45. Bxf6 hxg4 46. Qg5 gxh3+ 47.
Kg3 Qxf6 48. Qxf6 gxf6 49. Kxh3 f5 50. exf5 f6 51. Kg3 Kf7 52. Kg4 Kf8 53. Kg3
Kf7 54. f4 Kg7 55. Kf2 Kf8 56. Ke2 Ke8 57. Kd2 Kd8 58. Kc3 Kc7 59. Kd4 Kd8 60.
Ke3 Ke7 61. Ke4 Ke8 1/2-1/2

[Event "23rd Dubai Open 2023"]
[Site "Dubai UAE"]
[Date "2023.06.01"]
[Round "6.14"]
[White "Lalit Babu M R"]
[Black "Sanal, Vahap"]
[Result "1/2-1/2"]
[WhiteTitle "GM"]
[BlackTitle "GM"]
[WhiteElo "2529"]
[BlackElo "2600"]
[WhiteFideId "5024595"]
[BlackFideId "6300545"]
[EventDate "2023.05.27"]

1. d4 d5 2. c4 c6 3. Nf3 Nf6 4. Nc3 a6 5. e3 e6 6. b3 Bb4 7. Bd2 Nbd7 8. Bd3 O-O
9. O-O Bd6 10. Rc1 e5 11. cxd5 cxd5 12. dxe5 Nxe5 13. Nxe5 Bxe5 14. Ne2 Re8 15.
h3 Be6 16. Bc3 Nd7 17. Nd4 Bf6 18. Nf3 Be7 19. Nd4 Bf6 20. Qh5 Nf8 21. Bb4 g6
22. Qf3 Nd7 23. Bb1 Ne5 24. Qf4 Bd7 25. Rfd1 Bg5 26. Qg3 Bh4 27. Qf4 a5 28. Bc3
Bg5 29. Qg3 Bh4 30. Qf4 Bf6 31. Nf3 Nxf3+ 32. Qxf3 Bxc3 33. Rxc3 Bc6 34. Rd4 Qd6
35. Bd3 Re6 36. Qd1 Qe7 37. Be2 Re4 38. Rd2 Qf6 39. Rc1 a4 40. Bf3 Rb4 41. Bxd5
Bxd5 42. Rxd5 axb3 43. axb3 Ra2 44. Rd2 Rxd2 45. Qxd2 Rxb3 46. Qd4 Qxd4 47. exd4
Kg7 48. Rc7 Kf6 49. Kf1 Rb2 50. d5 b5 51. d6 b4 52. g4 b3 53. Rb7 Ke6 54. d7 Ke7
55. Kg2 Rb1 56. Kf3 b2 57. Kg2 h6 58. Kh2 Kd8 59. Kg2 Ke7 60. Kh2 1/2-1/2

[Event "23rd Dubai Open 2023"]
[Site "Dubai UAE"]
[Date "2023.06.01"]
[Round "6.15"]
[White "Smirin, Ilia"]
[Black "Ohanyan, Emin"]
[Result "1-0"]
[WhiteTitle "GM"]
[BlackTitle "IM"]
[WhiteElo "2599"]
[BlackElo "2444"]
[WhiteFideId "2801990"]
[BlackFideId "13312022"]
[EventDate "2023.05.27"]

1. Nf3 d5 2. g3 g6 3. c4 dxc4 4. Qa4+ Nc6 5. Bg2 Bg7 6. Qxc4 e5 7. Nc3 Nge7 8.
d3 O-O 9. O-O Nd4 10. Nxd4 exd4 11. Ne4 h6 12. Bd2 Be6 13. Qc1 Kh7 14. Nc5 Bd5
15. Nxb7 Qc8 16. Nc5 Re8 17. Re1 Bxg2 18. Kxg2 Nd5 19. Qc4 Re5 20. h3 Nb6 21.
Qc2 Qe8 22. Rac1 Nd5 23. Na6 c5 24. Nxc5 Rc8 25. Qa4 Qe7 26. b4 Rxe2 27. Kf1
Rxe1+ 28. Rxe1 Qc7 29. Qa6 Rb8 30. a3 Rb6 31. Qc4 Qd8 32. Kg1 Rf6 33. Qb5 Nc3
34. Qb7 a5 35. Re7 axb4 36. axb4 Qd5 37. Qxd5 Nxd5 38. Rb7 Rf5 39. g4 Re5 40.
Rxf7 Nc3 41. Kf1 Kg8 42. Rb7 Re8 43. Nd7 Re7 44. Bf4 Rf7 45. Bd6 h5 46. g5 Nd1
47. Rb8+ Kh7 48. Nf8+ Bxf8 49. Rxf8 Rxf8 50. Bxf8 Nc3 51. Bc5 Nb5 52. Ke2 Kg7
53. Kf3 Kf7 54. Ke4 Ke6 55. f4 h4 56. Bxd4 Nd6+ 57. Kf3 1-0

[Event "23rd Dubai Open 2023"]
[Site "Dubai UAE"]
[Date "2023.06.01"]
[Round "6.17"]
[White "Buksa, Nataliya"]
[Black "Asadli, Vugar"]
[Result "0-1"]
[WhiteTitle "IM"]
[BlackTitle "GM"]
[WhiteElo "2406"]
[BlackElo "2584"]
[WhiteFideId "14123622"]
[BlackFideId "13405764"]
[EventDate "2023.05.27"]

1. e4 c5 2. Nf3 d6 3. d4 cxd4 4. Nxd4 Nf6 5. Nc3 a6 6. Be2 e5 7. Nb3 Be7 8. Bg5
Be6 9. Bxf6 Bxf6 10. Qd3 Be7 11. Nd5 Nd7 12. Rd1 Rc8 13. c3 Bg5 14. O-O O-O 15.
Bf3 g6 16. Rfe1 h5 17. Qe2 Kg7 18. Qd3 Re8 19. h3 b5 20. Nb4 a5 21. Nc2 a4 22.
Nc1 Bxc1 23. Rxc1 Nc5 24. Qe3 Bxa2 25. Be2 Re6 26. Bxb5 Rb8 27. Na3 Qa5 28. Qe2
d5 29. exd5 Bxd5 30. Bc4 Bxc4 31. Nxc4 Qb5 32. Rcd1 e4 33. Rd4 Nd3 34. Ra1 Qg5
35. Kh1 Rb5 36. Qe3 Qf6 37. f3 Nxb2 38. Nxb2 exf3 39. Qxf3 Qxf3 40. gxf3 Rxb2
41. Rdxa4 Re3 42. Rf1 Rxc3 43. h4 Rcc2 44. Rd1 Rf2 45. Rf4 Rb3 46. Kg1 Rbxf3 47.
Rxf3 Rxf3 48. Kg2 Rf4 49. Kg3 Rg4+ 50. Kh3 Kf6 51. Ra1 Re4 52. Ra5 Re5 53. Ra3
Ke6 54. Kg3 Re4 55. Ra6+ Kf5 56. Ra5+ Re5 57. Ra3 f6 58. Rf3+ Ke6 59. Ra3 g5 60.
hxg5 fxg5 61. Rb3 Kf5 62. Rf3+ Kg6 63. Ra3 h4+ 64. Kh3 Kh5 65. Ra8 g4+ 66. Kg2
h3+ 67. Kf2 Rf5+ 68. Kg3 Rf3+ 69. Kh2 Rf2+ 70. Kg1 Rb2 71. Ra5+ Kh4 72. Ra4 Re2
73. Rb4 Kg3 74. Rb3+ Kf4 75. Rb8 g3 76. Rf8+ Ke4 77. Re8+ Kd3 78. Rd8+ Kc4 79.
Rc8+ Kd5 80. Rd8+ Kc6 81. Rd1 Rc2 82. Kh1 Kc5 83. Kg1 Kc4 84. Ra1 Kb3 85. Rb1+
Ka2 0-1